Quiz sur l'astronomie - Statistiques

Statistiques générales
  • Ce quiz a été pris 28 240 fois
    28 179 depuis la dernière actualisation
  • Le résultat moyen est 9 sur 20
Statistiques - réponses
Indice Réponse % Correct
Notre galaxie Voie Lactée
92%
Planète rétrogradée au rang de planète naine en 2006 Pluton
90%
Évènement considéré comme la naissance de l'Univers ayant eu lieu il y a 13,8 milliards d'années Big Bang
88%
Objet possédant une gravité si importante que même la lumière ne peut y échapper Trou noir
79%
299,792,458 mètres par seconde Vitesse de la lumière
77%
Explosion d'une étoile Supernova
72%
Galaxie majeure la plus proche de la nôtre Andromède
57%
De quelle forme est-elle ? Spirale
48%
Élément qui donne sa couleur rouge à la planète Mars Fer
40%
Autre nom des étoiles filantes Météore
34%
Elle se trouve entre les orbites de Mars et Jupiter {Ceinture} {d'astéroïdes}
32%
Nuage de poussière interstellaire qui peut donner naissance à des étoiles Nébuleuse
31%
Comète qui passe près de la Terre tous les 76 ans Comète de Halley
30%
Télescope spatial lancé en 2021 James Webb
30%
Zone de la Lune où Apollo 11 s'est posée Mer {de} {la} {Tranquillité}
28%
Groupe d'étoiles et de planètes le plus proche du système solaire Alpha du Centaure
22%
Tempête gigantesque dans l'atmosphère de Jupiter qui dure depuis plusieurs siècles Grande {Tache} {Rouge}
18%
Étoile la plus brillante du ciel nocturne Sirius
17%
Type d'étoile extrêmement dense Étoile à neutrons
16%
Personne qui a décrit en premier les mouvements elliptiques des planètes Johannes Kepler
16%
Aucun quiz correspondant
Distribution des résultats
% des personnes avec chaque résultat
Percentile par nombre de réponses
Votre historique - résultats
Vous n’avez pas pris ce quiz depuis la dernière actualisation